History Quiz

Random History or Art Quiz

Art School of Fish Quiz Stats

 Plays Quiz Updated Apr 11, 2019

Score 0/15 Timer 05:00
6 Plays Today
% Correct
Warhol
77.8%
Munch
77.3%
Dali
75.7%
Picasso
72.9%
Pollock
68.8%
Mondrian
67%
Moore
51.3%
Haring
48.1%
% Correct
Kandinsky
45.7%
Miró
44.4%
Rothko
42.7%
Chagall
40.8%
Duchamp
39.4%
Matisse
39.2%
Klee
29.7%

You're not logged in!

Compare scores with friends on all Sporcle quizzes.
OR
Log In

Sporcle TV

Today on Sporcle TV


Watch our educational content, quiz creation guides, and fun videos on Sporcle TV.

Show Comments

Extras

Top Quizzes Today


Score Distribution

Your Account Isn't Verified!

In order to create a playlist on Sporcle, you need to verify the email address you used during registration. Go to your Sporcle Settings to finish the process.

Report this User

Report this user for behavior that violates our Community Guidelines.

Details: